00349nam a2200121 4500008004100000020001500041050002600056100003100082245004800113260003300161300001200194650002100206151012b xxu||||| |||| 00| 0 eng d a0756400031 aSPE PS 3568 .R63 2001 aRobertson, Jennifer.d2001 aChildren of the lion:cJennifer, Robertson. aNew York:bDAW books,c2001. a746 p.  aEnglish fiction.